| 000 | 01164cam a22003377i 4500 | ||
|---|---|---|---|
| 001 | 18383466 | ||
| 003 | NUST | ||
| 005 | 20220705123032.0 | ||
| 008 | 141121s2014 onc 000 1 eng | ||
| 010 | _a 2014495117 | ||
| 020 | _a9780345813992 (pbk.) | ||
| 020 | _a9780345814012 (ebook) | ||
| 035 | _a(OCoLC)ocn877364109 | ||
| 040 |
_aNLC _beng _cNLC _erda _dOCLCO _dCDX _dUAB _dCNCAR _dDLC |
||
| 042 | _alccopycat | ||
| 050 | 0 | 0 |
_aPS3612.E9233 _bJ86 2014b |
| 082 | 0 | 4 |
_a813.6 _bLEV |
| 100 | 1 |
_aLeveen, Lois, _d1968- _eauthor. _97645 |
|
| 245 | 1 | 0 |
_aJuliet's nurse : _ba novel / _cLois Leveen. |
| 264 | 1 |
_aToronto : _bRandom House Canada, _c2014. |
|
| 300 |
_a375 pages ; _c24 cm |
||
| 336 |
_atext _btxt _2rdacontent |
||
| 337 |
_aunmediated _bn _2rdamedia |
||
| 338 |
_avolume _bnc _2rdacarrier |
||
| 530 | _aIssued also in electronic format. | ||
| 600 | 1 | 0 |
_aShakespeare, William, _d1564-1616. _tRomeo and Juliet _vAdaptations. _992940 |
| 776 | 1 |
_aLeveen, Lois, 1968-, author. _tJuliet's nurse. _w(CaOONL)20149024355 |
|
| 906 |
_a7 _bcbc _ccopycat _d3 _encip _f20 _gy-gencatlg |
||
| 942 |
_2ddc _cBK |
||
| 999 |
_c590273 _d590273 |
||